| 000 | 00777cab a22001935a 4500 | ||
|---|---|---|---|
| 001 | L145263 | ||
| 008 | 080922e20080911xxko f 000 0 eng d | ||
| 035 | _a(Sirsi) u145263 | ||
| 041 | 0 | _aeng | |
| 110 | 2 |
_aConstruction News _92644 |
|
| 245 | 0 | 0 | _aTop clients and contractors |
| 260 | _c2008 | ||
| 490 |
_aConstruction News _v(7085) 11 September 2008, 17(1) |
||
| 520 | _aPresents a list of major clients and contractors for the North-West and the North-East regions. Details lists of contractors by number of contracts and total value of contracts in millions of pounds. Develops the client lists in total value of contracts in millions of pounds. | ||
| 590 | _aKA | ||
| 651 | 4 |
_aEngland and Wales _y1543- |
|
| 690 | _aBUILT ENVIRONMENT-CONSTRUCTION MARKET | ||
| 942 | _n0 | ||
| 999 |
_c80751 _d80751 |
||